000 00831nab a2200253 u 4500
001 19296
003 HDC
007 cr bn ---aaaaa
008 210228c20110626xx dr|noo 0 a eng d
040 _aHDC
245 0 _aThailand: Proposed Halal Parks In Malaysia, Thailand
260 _a[No place] :
_b[publisher not identified],
_c2011
300 _a1 online resource
336 _atext
_2rdacontent
337 _acomputer
_2rdamedia
338 _aonline resource
_2rdacarrier
650 _aHalal Parks
_910362
650 _apromotion of halal products
_917765
710 _aHalal Focus
856 _zRequest full-text at [email protected]
942 _2lcc
942 _cNEWS
942 _kNWSO 006213
999 _c16612
_d16612